<?xml version="1.0" encoding="UTF-8"?>
<record
    xmlns:xsi="http://www.w3.org/2001/XMLSchema-instance"
    xsi:schemaLocation="http://www.loc.gov/MARC21/slim http://www.loc.gov/standards/marcxml/schema/MARC21slim.xsd"
    xmlns="http://www.loc.gov/MARC21/slim">

  <leader>03336cam a22003015i 4500</leader>
  <datafield tag="999" ind1=" " ind2=" ">
    <subfield code="c">27843</subfield>
    <subfield code="d">27814</subfield>
  </datafield>
  <controlfield tag="001">18610416</controlfield>
  <controlfield tag="003">EG-ScBUE</controlfield>
  <controlfield tag="005">20191215132233.0</controlfield>
  <controlfield tag="008">150509s2016    nyua   f bd   001 0 eng d</controlfield>
  <datafield tag="020" ind1=" " ind2=" ">
    <subfield code="a">9781138024595 (pbk.)</subfield>
  </datafield>
  <datafield tag="040" ind1=" " ind2=" ">
    <subfield code="a">DLC</subfield>
    <subfield code="b">eng</subfield>
    <subfield code="e">rda</subfield>
    <subfield code="c">DLC</subfield>
    <subfield code="d">DLC</subfield>
    <subfield code="d">EG-ScBUE</subfield>
  </datafield>
  <datafield tag="082" ind1="0" ind2="4">
    <subfield code="a">302.23014</subfield>
    <subfield code="b">DAN</subfield>
    <subfield code="2">22</subfield>
  </datafield>
  <datafield tag="100" ind1="1" ind2=" ">
    <subfield code="a">Danesi, Marcel,</subfield>
    <subfield code="d">1946-</subfield>
    <subfield code="e">author.</subfield>
  </datafield>
  <datafield tag="245" ind1="1" ind2="0">
    <subfield code="a">Language, society and new media :</subfield>
    <subfield code="b">sociolinguistics today /</subfield>
    <subfield code="c">Marcel Danesi.</subfield>
  </datafield>
  <datafield tag="264" ind1=" " ind2="1">
    <subfield code="a">New York ;</subfield>
    <subfield code="a">Abingdon, Oxon :</subfield>
    <subfield code="b">Routledge / Taylor &amp; Francis Group,</subfield>
    <subfield code="c">2016.</subfield>
  </datafield>
  <datafield tag="300" ind1=" " ind2=" ">
    <subfield code="a">xv, 314 pages :</subfield>
    <subfield code="b">illustrations ;</subfield>
    <subfield code="c">24 cm</subfield>
  </datafield>
  <datafield tag="336" ind1=" " ind2=" ">
    <subfield code="a">text</subfield>
    <subfield code="b">txt</subfield>
    <subfield code="2">rdacontent</subfield>
  </datafield>
  <datafield tag="337" ind1=" " ind2=" ">
    <subfield code="a">unmediated</subfield>
    <subfield code="b">n</subfield>
    <subfield code="2">rdamedia</subfield>
  </datafield>
  <datafield tag="338" ind1=" " ind2=" ">
    <subfield code="a">volume</subfield>
    <subfield code="b">nc</subfield>
    <subfield code="2">rdacarrier</subfield>
  </datafield>
  <datafield tag="504" ind1=" " ind2=" ">
    <subfield code="a">Includes bibliographical references and index.</subfield>
  </datafield>
  <datafield tag="520" ind1=" " ind2=" ">
    <subfield code="a">Language, Society, and New Media uses an interdisciplinary approach, integrating frameworks from sociolinguistics and linguistic anthropology and emerging strands of research on language and new media, to demonstrate the relationship between language, society, thought, and culture to students with little to no background in linguistics. Couched in this integrative "e-sociolinguistic" approach, each chapter covers the significant topics in this area, including language structures, language and cognition, and language variation and change, to elucidate this relationship, while also extending the purview of the field to encompass forms of new media, including Facebook and Twitter. Discussions are supported by a wealth of pedagogical features, including sidebars, activities and assignments, and a comprehensive glossary. In Language, Society, and New Media, Marcel Danesi explores the dynamic connections between language, society, thought, and culture and how they continue to evolve in today&#x2113;&#x301;&#x2113;s rapidly changing digital world, ideal for students in introductory courses in sociolinguistics, language and culture, and linguistic anthropology. 	
Language, Society, and New Media uses an interdisciplinary approach, integrating frameworks from sociolinguistics and linguistic anthropology and emerging strands of research on language and new media, to demonstrate the relationship between language, society, thought, and culture to students with little to no background in linguistics. Couched in this integrative "e-sociolinguistic" approach, each chapter covers the significant topics in this area, including language structures, language and cognition, and language variation and change, to elucidate this relationship, while also extending the purview of the field to encompass forms of new media, including Facebook and Twitter. Discussions are supported by a wealth of pedagogical features, including sidebars, activities and assignments, and a comprehensive glossary. In Language, Society, and New Media, Marcel Danesi explores the dynamic connections between language, society, thought, and culture and how they continue to evolve in today&#x2113;&#x301;&#x2113;s rapidly changing digital world, ideal for students in introductory courses in sociolinguistics, language and culture, and linguistic anthropology.</subfield>
  </datafield>
  <datafield tag="650" ind1=" " ind2="7">
    <subfield code="a">Mass media and language.</subfield>
    <subfield code="2">BUEsh</subfield>
    <subfield code="9">40792</subfield>
  </datafield>
  <datafield tag="650" ind1=" " ind2="7">
    <subfield code="a">Socialization.</subfield>
    <subfield code="2">BUEsh</subfield>
  </datafield>
  <datafield tag="650" ind1=" " ind2="7">
    <subfield code="a">Language and culture.</subfield>
    <subfield code="2">BUEsh</subfield>
    <subfield code="9">41003</subfield>
  </datafield>
  <datafield tag="653" ind1=" " ind2=" ">
    <subfield code="b">HHUUEENN</subfield>
    <subfield code="c">November2019</subfield>
  </datafield>
  <datafield tag="655" ind1=" " ind2=" ">
    <subfield code="v">Reading book</subfield>
  </datafield>
  <datafield tag="942" ind1=" " ind2=" ">
    <subfield code="2">ddc</subfield>
    <subfield code="c">BB</subfield>
  </datafield>
  <datafield tag="952" ind1=" " ind2=" ">
    <subfield code="0">0</subfield>
    <subfield code="1">0</subfield>
    <subfield code="2">ddc</subfield>
    <subfield code="4">0</subfield>
    <subfield code="7">0</subfield>
    <subfield code="8">Baccah</subfield>
    <subfield code="a">MAIN</subfield>
    <subfield code="b">MAIN</subfield>
    <subfield code="c">1ST</subfield>
    <subfield code="d">2019-11-25</subfield>
    <subfield code="e">Purchase</subfield>
    <subfield code="g">420.00</subfield>
    <subfield code="l">0</subfield>
    <subfield code="o">302.23014 DAN</subfield>
    <subfield code="p">000048325</subfield>
    <subfield code="r">2025-07-15 00:00:00</subfield>
    <subfield code="v">525.00</subfield>
    <subfield code="w">2019-11-25</subfield>
    <subfield code="y">BB</subfield>
  </datafield>
</record>
